[Event "Midland Ch Forrest Cup"]
[Site "Derby"]
[Date "1995.03.26"]
[Round "6"]
[White "James, Russell A"]
[Black "Chue, Kah-Loong"]
[Result "0-1"]
[WhiteElo "2136"]
[BlackElo "2288"]
[PlyCount "52"]
[EventDate "1995.03.24"]
[EventType "swiss"]
[EventRounds "6"]
[EventCountry "ENG"]
[SourceTitle "BritBase"]
[Source "John Saunders"]
[SourceDate "2022.11.28"]
[SourceVersion "1"]
[SourceVersionDate "2022.08.23"]
[SourceQuality "1"]

1. d4 Nf6 2. Bg5 d6 3. Bxf6 gxf6 4. e3 Bf5 5. Nc3 Nd7 6. g3 c6 7. Bg2 Qb6 8.
Qc1 d5 9. Nge2 e5 $15 10. O-O h5 11. e4 dxe4 $17 12. dxe5 Bh6 13. Qe1 e3 14. f4
fxe5 15. fxe5 Be6 16. Ne4 O-O-O 17. Qc3 Kb8 18. Rad1 Bg7 (18... h4 $19) 19. Nf6
Bxf6 20. exf6 h4 21. Nd4 $4 e2 22. Qe3 exf1=Q+ 23. Bxf1 hxg3 24. hxg3 Bd5 25.
a4 Rde8 26. Qf2 Rh1# 0-1

[Event "Midland Ch Forrest Cup"]
[Site "Derby"]
[Date "1995.03.26"]
[Round "6"]
[White "Ledger, Stephen C"]
[Black "Sagall, Roy"]
[Result "1/2-1/2"]
[WhiteElo "2144"]
[BlackElo "2104"]
[PlyCount "137"]
[EventDate "1995.03.24"]
[EventType "swiss"]
[EventRounds "6"]
[EventCountry "ENG"]
[SourceTitle "BritBase"]
[Source "John Saunders"]
[SourceDate "2022.11.28"]
[SourceVersion "1"]
[SourceVersionDate "2022.08.23"]
[SourceQuality "1"]

1. d4 Nf6 2. Nf3 d5 3. Bf4 c5 4. c3 Qb6 5. Qb3 Nc6 6. e3 c4 7. Qxb6 axb6 8. Na3
Bf5 9. Be2 e6 10. Nb5 Kd7 11. Ne5+ Nxe5 12. dxe5 Ne4 13. O-O Nc5 14. Rfd1 Bd3
15. Kf1 Be7 16. Bxd3 Nxd3 17. b3 Ra5 18. bxc4 dxc4 19. Nd4 Rha8 20. Rd2 Ba3 21.
Rb1 Bc5 22. Nb3 Rb5 23. Nxc5+ Rxc5 24. Rxb6 Kc7 25. Rb1 Rca5 26. Ra1 b5 27. Bg3
Kc6 28. f3 Ra3 29. Rc2 g6 30. e4 Nc5 31. Rd1 Rxa2 32. Rd6+ Kc7 33. Rxa2 Rxa2
34. Bf2 Na4 35. Bd4 Rc2 36. Ra6 Nxc3 37. Ra7+ Kc8 38. Ra8+ Kb7 39. Ra7+ Kb8 40.
Ra5 Rc1+ 41. Kf2 b4 42. Bxc3 Rxc3 43. Rb5+ Kc7 44. Rxb4 Rc2+ 45. Ke3 Kd7 46. g4
g5 47. Kd4 Rf2 48. Ke3 Rc2 49. Kd4 Rxh2 50. Rxc4 Rh3 51. Rc3 Ke7 52. Ra3 Kf8
53. Ke3 Kg7 54. Kf2 Rh2+ 55. Kg3 Rb2 56. Ra5 Rb3 57. Rc5 Kg6 58. Ra5 Rb7 59.
Rc5 h5 60. gxh5+ Kxh5 61. Rc8 Rb5 62. Rh8+ Kg6 63. f4 gxf4+ 64. Kxf4 Kg7 65.
Rh3 Rb4 66. Rd3 Rb1 67. Rg3+ Kf8 68. Rf3 Ke7 69. Rf2 1/2-1/2

[Event "Midland Ch Forrest Cup"]
[Site "Derby"]
[Date "1995.03.26"]
[Round "6"]
[White "Nelson, Jonathan P"]
[Black "Brown, Anthony J"]
[Result "1-0"]
[WhiteElo "2240"]
[BlackElo "2032"]
[PlyCount "57"]
[EventDate "1995.03.24"]
[EventType "swiss"]
[EventRounds "6"]
[EventCountry "ENG"]
[SourceTitle "BritBase"]
[Source "John Saunders"]
[SourceDate "2022.11.28"]
[SourceVersion "1"]
[SourceVersionDate "2022.08.23"]
[SourceQuality "1"]

1. e4 e5 2. f4 exf4 3. Nf3 h6 4. b3 d6 5. Bb2 Bg4 6. Nc3 Nf6 7. Qe2 Nbd7 8.
O-O-O c6 9. d4 Qa5 10. e5 Nd5 11. Nxd5 cxd5 12. h3 Be6 13. exd6 Bxd6 14. Ne5
Qxa2 15. Nxd7 Kxd7 16. Qb5+ Kc7 17. Rd3 a6 18. Rc3+ Kb8 19. Qb6 Ba3 20. Bxa3
Qxa3+ 21. Kd2 Rc8 22. Rxc8+ Kxc8 23. Bd3 Qe7 24. c4 Qc7 25. Qb4 Kd7 26. cxd5
Bxd5 27. Rc1 Qd6 28. Bf5+ Ke7 29. Rc7+ 1-0

[Event "Midland Ch Forrest Cup"]
[Site "Derby"]
[Date "1995.03.26"]
[Round "6"]
[White "Riley, Chris M"]
[Black "Kirby, Peter J"]
[Result "1/2-1/2"]
[WhiteElo "2008"]
[BlackElo "1448"]
[PlyCount "142"]
[EventDate "1995.03.24"]
[EventType "swiss"]
[EventRounds "6"]
[EventCountry "ENG"]
[SourceTitle "BritBase"]
[Source "John Saunders"]
[SourceDate "2022.11.28"]
[SourceVersion "1"]
[SourceVersionDate "2022.08.23"]
[SourceQuality "1"]

1. e4 c6 2. d4 d5 3. exd5 cxd5 4. c4 Nf6 5. Nc3 e6 6. Nf3 Be7 7. Bd3 dxc4 8.
Bxc4 O-O 9. O-O Nbd7 10. Re1 Nb6 11. Bd3 Nbd5 12. Ne5 Bd7 13. Qf3 Rc8 14. Qh3
g6 15. Bh6 Re8 16. Bd2 Bf8 17. Rad1 a6 18. Bb1 Bc6 19. Bg5 Be7 20. Bh6 Bf8 21.
Bxf8 Rxf8 22. Qh6 Qe7 23. Rd3 Rfd8 24. Rg3 Qf8 25. Qg5 Qg7 26. h4 h6 27. Qd2
Ne7 28. Rh3 Nfd5 29. Ne4 f6 30. Nxc6 Rxc6 31. Nc5 Nc7 32. Nxb7 Rd7 33. Rc3 Rxc3
34. bxc3 e5 35. Nc5 Rd6 36. Qb2 exd4 37. cxd4 Ned5 38. h5 gxh5 39. Qb8+ Qf8 40.
Qxf8+ Kxf8 41. Bg6 h4 42. Kh2 Nf4 43. Bb1 Rxd4 44. Re4 Rxe4 45. Nxe4 Ke7 46.
Nd2 Kf7 47. Nf3 Ng6 48. Kh3 Nd5 49. Nxh4 Nxh4 50. Kxh4 Kg7 51. Bc2 a5 52. Kg4
Nb4 53. Bb3 Kg6 54. Kf4 a4 55. Bc4 a3 56. Ke3 Kg5 57. Kd2 f5 58. Kc3 Nc6 59.
Kb3 Na5+ 60. Kb4 Nxc4 61. Kxc4 f4 62. Kb3 h5 63. Kxa3 f3 64. g3 h4 65. gxh4+
Kxh4 66. Kb2 Kh3 67. a4 Kg2 68. a5 Kxf2 69. a6 Kg1 70. a7 f2 71. a8=Q f1=Q
1/2-1/2

[Event "Midland Ch Forrest Cup"]
[Site "Derby"]
[Date "1995.03.26"]
[Round "6"]
[White "Sudar, Dragoljub"]
[Black "Hibbard, Carl P"]
[Result "1-0"]
[WhiteElo "1696"]
[BlackElo "1912"]
[PlyCount "63"]
[EventDate "1995.03.24"]
[EventType "swiss"]
[EventRounds "6"]
[EventCountry "ENG"]
[SourceTitle "BritBase"]
[Source "John Saunders"]
[SourceDate "2022.11.28"]
[SourceVersion "1"]
[SourceVersionDate "2022.08.23"]
[SourceQuality "1"]

1. e4 d5 2. exd5 Qxd5 3. Nc3 Qa5 4. d4 Nf6 5. Bd2 c6 6. Bd3 Bg4 7. Nf3 e6 8. a3
Qc7 9. h3 Bh5 10. Qe2 Nbd7 11. O-O-O O-O-O 12. g4 Bg6 13. Bxg6 hxg6 14. Ne5
Nxe5 15. dxe5 Nd5 16. f4 Be7 17. Ne4 Kb8 18. c4 Nb6 19. c5 Nd5 20. Nd6 Bxd6 21.
exd6 Qd7 22. b4 Rh7 23. a4 Rdh8 24. Qf3 Qd8 25. Kc2 Qf6 26. Bc1 Nxb4+ 27. Kb3
Nd5 28. Bb2 Qxf4 29. Qxf4 Nxf4 30. Be5 Nd5 31. d7+ Ka8 32. Bc7 1-0